Numerical Grid Generation Foundations and Applications (Record no. 23808)
[ view plain ]
| 000 -LEADER | |
|---|---|
| fixed length control field | 01017nam a22001457a 4500 |
| 003 - CONTROL NUMBER IDENTIFIER | |
| control field | NUST |
| 005 - DATE AND TIME OF LATEST TRANSACTION | |
| control field | 20170523155759.0 |
| 008 - FIXED-LENGTH DATA ELEMENTS--GENERAL INFORMATION | |
| fixed length control field | 140128b xxu||||| |||| 00| 0 eng d |
| 020 ## - INTERNATIONAL STANDARD BOOK NUMBER | |
| Terms of availability | Available |
| International Standard Book Number | 13: 978-0444009852 |
| 040 ## - CATALOGING SOURCE | |
| Original cataloging agency | DLC |
| Language of cataloging | DLC |
| Transcribing agency | RCMS |
| 082 ## - DEWEY DECIMAL CLASSIFICATION NUMBER | |
| Classification number | 519.14THO |
| Author Mark | 001441 |
| 100 ## - MAIN ENTRY--PERSONAL NAME | |
| Personal name | Thompson Joe F |
| 9 (RLIN) | 1382 |
| 245 ## - TITLE STATEMENT | |
| Title | Numerical Grid Generation Foundations and Applications |
| Statement of responsibility, etc. | Thompson Joe F |
| 260 ## - PUBLICATION, DISTRIBUTION, ETC. | |
| Place of publication, distribution, etc. | Mississippi State |
| Name of publisher, distributor, etc. | Elsevier Science Ltd; |
| Date of publication, distribution, etc. | cMay 1985 |
| 300 ## - PHYSICAL DESCRIPTION | |
| Extent | 502 ,p: |
| Other physical details | ill: |
| Dimensions | 25,cm. |
| 538 ## - SYSTEM DETAILS NOTE | |
| Display text | Shelf No 1 Row No 1 |
| 650 ## - SUBJECT ADDED ENTRY--TOPICAL TERM | |
| Topical term or geographic name entry element | Mechanical engineering |
| 9 (RLIN) | 1379 |
| 856 ## - ELECTRONIC LOCATION AND ACCESS | |
| Materials specified | Table of Content Only |
| 942 ## - ADDED ENTRY ELEMENTS (KOHA) | |
| Source of classification or shelving scheme | |
| Koha item type | Book |
| Withdrawn status | Lost status | Source of classification or shelving scheme | Damaged status | Not for loan | Permanent Location | Current Location | Shelving location | Date acquired | Total Checkouts | Full call number | Barcode | Date last seen | Price effective from | Koha item type | Date last checked out |
|---|---|---|---|---|---|---|---|---|---|---|---|---|---|---|---|
| School of Interdisciplinary Engineering and Sciences (SINES) | School of Interdisciplinary Engineering and Sciences (SINES) | General Stacks | 05/26/2014 | 519.14THO | RCMS001743 | 05/26/2014 | 05/26/2014 | Book | |||||||
| School of Interdisciplinary Engineering and Sciences (SINES) | School of Interdisciplinary Engineering and Sciences (SINES) | General Stacks | 05/26/2014 | 519.14THO | RCMS001741 | 05/26/2014 | 05/26/2014 | Book | |||||||
| School of Interdisciplinary Engineering and Sciences (SINES) | School of Interdisciplinary Engineering and Sciences (SINES) | General Stacks | 05/26/2014 | 519.14THO | RCMS001742 | 05/26/2014 | 05/26/2014 | Book | |||||||
| School of Interdisciplinary Engineering and Sciences (SINES) | School of Interdisciplinary Engineering and Sciences (SINES) | 05/26/2014 | 1 | 519.14THO | RCMS001745 | 08/28/2015 | 05/26/2014 | Book | 08/21/2015 | ||||||
| School of Interdisciplinary Engineering and Sciences (SINES) | School of Interdisciplinary Engineering and Sciences (SINES) | General Stacks | 08/29/2014 | 1 | 519.14THO | RCMS001744 | 09/04/2014 | 08/29/2014 | Book | 09/04/2014 |
